00689nam a2200241Ia 4500008004100000020001600041100001900057245001300076245003600089245003200125260001500157260002000172260000900192300001600201300002700217300001100244440002300255650002500278650002500303700000800328999001900336952009200355160803s9999 xx 000 0 und d a0 439579406 aBerger, Melvin aDive! :  ba book of deep-sea creatures /  cby Melvin and Gilda Berger. aNew York : bScholastic Inc. c2000 a47 pages :  bcolor illustrations ;  c23 cm. aScholastic action. aDeep-sea animals --  xJuvenile literature. a520 c299105d299105 001040aSSISBbSSISBcLEXd2016-08-03l0pSC-1031r2016-08-03 00:00:00w2016-08-03yBK